000 00718nam a2200253 a 4500
001 BRL_1548
005 20190320211246.0
008 030314s1984----fr-abo####---#000-0#fre-#
020 _a2130383505
041 _afre
044 _afr
050 4 _aGT1747
_b.A45 1984
100 1 _aAllard, Geneviève
_927240
245 1 0 _aLe masque
_cGeneviève Allard et Pierre Lefort.
260 _aParis
_bPresses Universitaires de France
_c1984
300 _a127 p.
_bil., mapas, fotografías (blanco y negro)
_c17 cm.
440 0 _aQue sais-je?
_927241
500 _aAu1804
504 _aBibliografía: p. 127
650 1 4 _aMáscaras
_918335
700 1 _aLefort, Pierre
_ecoaut.
_927242
902 _aGRL
942 _2lcc
_cB
999 _c10357
_d10357